Survey (Record no. 82239)

MARC details
000 -LEADER
fixed length control field 01024cam a22002055a 4500
001 - CONTROL NUMBER
control field L149635
008 - FIXED-LENGTH DATA ELEMENTS--GENERAL INFORMATION
fixed length control field 100329e2010 xxk 000 0 eng d
035 ## - SYSTEM CONTROL NUMBER
System control number (Sirsi) u149635
041 0# - LANGUAGE CODE
Language code of text/sound track or separate title eng
110 2# - MAIN ENTRY--CORPORATE NAME
Corporate name or jurisdiction name as entry element EuroProperty
9 (RLIN) 1216
245 00 - TITLE STATEMENT
Title Survey
Remainder of title Turkey and Greece
260 ## - PUBLICATION, DISTRIBUTION, ETC.
Date of publication, distribution, etc. 2010
490 ## - SERIES STATEMENT
Series statement EuroProperty
Volume/sequential designation 1 March 2010, 27-31(5)
520 ## - SUMMARY, ETC.
Summary, etc. With uncertainty over the EU's plans to bail-out the Greek economy there is little optimism in the property investment sector, although distressed assets are attracting interest. Athens yields are down and retail vacancies up. Turkey's once great retail development potential has been slowed by short-sighted retail mall planning allowing them to be developed to close to each other and constrained by inward investment blockages. Suggests considering investment in Turkey's residential property sector.
590 ## - LOCAL NOTE (RLIN)
Local note KA
651 #4 - SUBJECT ADDED ENTRY--GEOGRAPHIC NAME
Geographic name Turkey
651 #4 - SUBJECT ADDED ENTRY--GEOGRAPHIC NAME
Geographic name Greece
690 ## - LOCAL SUBJECT ADDED ENTRY--TOPICAL TERM (OCLC, RLIN)
Topical term or geographic name as entry element PROPERTY-COMMERCIAL PROPERTY-COMMERCIAL PROPERTY FINANCE AND INVESTMENT
942 ## - ADDED ENTRY ELEMENTS (KOHA)
Suppress in OPAC 0
Holdings
Withdrawn status Lost status Source of classification or shelving scheme Damaged status Not for loan Home library Current library Shelving location Date acquired Total Checkouts Full call number Barcode Date last seen Copy number Price effective from Koha item type
    Dewey Decimal Classification     London London Journal article 29/03/2010   L149635 149635-1001 06/08/2019 1 06/08/2019 Journal article